[Event "World Blitz"]
[Site "Moscow RUS"]
[Date "2007.11.22"]
[Round "20"]
[White "Ivanchuk, V."]
[Black "Kasimdzhanov, R."]
[Result "1/2-1/2"]
[WhiteElo "2787"]
[BlackElo "2690"]
[PlyCount "135"]
[EventDate "2007.11.21"]
[Source "www.chesslib.no"]
[SourceDate "2004.05.04"]

1. Nf3 Nf6 2. c4 g6 3. Nc3 Bg7 4. e4 d6 5. d4 O-O 6. h3 e5 7. d5 a5 8. Bg5 Na6 9. Nd2 Qe8 10. Be2 Kh8 11. O-O Bd7 12. Kh1 Ng8 13. Rb1 Nc5 14. Nb3 Nxb3 15. Qxb3 b6 16. Rbe1 Bh6 17. Bh4 Bd2 18. Rd1 Bf4 19. Bd3 f5 20. exf5 gxf5 21. Ne2 Bh6 22. f3 Qh5 23. Bf2 f4 24. Ng1 Nf6 25. Qc2 Rg8 26. Be1 Rg7 27. Rd2 Rag8 28. Re2 Bg5 29. Bf5 Bh4 30. Bxd7 Nxd7 31. Qd1 Nf6 32. a3 Qg5 33. Bd2 Qf5 34. Qb1 Qd7 35. g4 fxg3 36. Kg2 Bg5 37. f4 Bxf4 38. Bxf4 exf4 39. Rxf4 Nh5 40. Rf5 Rg5 41. Re6 Qg7 42. Ne2 Rf8 43. Rxf8+ Qxf8 44. Qe1 Ng7 45. Re4 h6 46. Nf4 Qf6 47. Qc3 Qxc3 48. bxc3 Nf5 49. Ne6 Rg8 50. Nxc7 h5 51. Nb5 Kg7 52. Nd4 Nxd4 53. cxd4 Kf7 54. Re6 Rc8 55. Rxd6 Rxc4 56. Kxg3 b5 57. Rb6 b4 58. axb4 axb4 59. d6 Rxd4 60. Rb7+ Ke6 61. d7 h4+ 62. Kf3 Ke7 63. Ke3 Rc4 64. Kf3 Rd4 65. Ke3 Rc4 66. Kf3 Rd4 67. Ke3 Rc4 68. Kf3 1/2-1/2

[Event "Corr"]
[Site "?"]
[Date "1999.11.03"]
[Round "?"]
[White "Tarnowiecki Harald"]
[Black "Timmerman Gert Jan"]
[Result "1-0"]
[WhiteElo "2676"]
[BlackElo "2738"]
[PlyCount "85"]
[EventDate "1999.??.??"]
[Source "www.chesslib.no"]
[SourceDate "2004.05.04"]

1. d4 Nf6 2. c4 g6 3. Nc3 Bg7 4. e4 d6 5. Nf3 O-O 6. h3 Na6 7. Bg5 Qe8 8. g4 c5 9. Be3 cxd4 10. Nxd4 Nc5 11. Bg2 b6 12. Ndb5 Rb8 13. Nxa7 Bb7 14. Qc2 Qd7 15. f3 Qe6 16. Ne2 d5 17. Nd4 Qd6 18. exd5 e6 19. O-O exd5 20. Nab5 Qd7 21. b3 Rfd8 22. Rad1 Ra8 23. Bf4 Ne8 24. Rfe1 dxc4 25. bxc4 Qc8 26. h4 Rd7 27. g5 Rd8 28. Bg3 Ra4 29. Qe2 Qa8 30. a3 Bxd4+ 31. Nxd4 Ng7 32. Be5 Ne8 33. Bf6 Rb8 34. Qe7 Nxf6 35. Qxf6 Nd7 36. Qe7 Nc5 37. h5 Rf8 38. Nf5 gxf5 39. Qf6 Be4 40. h6 Ne6 41. fxe4 fxe4 42. Bh3 Ra7 43. Rd6 1-0

[Event "Corr"]
[Site "?"]
[Date "2002.01.15"]
[Round "?"]
[White "Tarnowiecki Harald"]
[Black "Oosterom Joop J.van (NED)"]
[Result "1/2-1/2"]
[WhiteElo "2692"]
[BlackElo "2714"]
[PlyCount "64"]
[EventDate "2002.??.??"]
[Source "www.chesslib.no"]
[SourceDate "2004.05.04"]

1. d4 Nf6 2. c4 g6 3. Nc3 Bg7 4. e4 d6 5. Nf3 O-O 6. h3 e5 7. d5 a5 8. Bg5 Na6 9. g4 Qe8 10. Be2 Kh8 11. Be3 Nd7 12. Nd2 f5 13. f3 Ndc5 14. b3 Bd7 15. a3 c6 16. Qb1 Rc8 17. b4 cxd5 18. Nxd5 Ne6 19. exf5 gxf5 20. gxf5 Nd4 21. f6 Bxf6 22. Nxf6 Rxf6 23. Bxd4 exd4 24. Ne4 Qe5 25. Qb2 Rf4 26. O-O-O axb4 27. axb4 Ra8 28. Rhg1 Nxb4 29. Qxb4 Rxe4 30. fxe4 Ra1+ 31. Kd2 Ra2+ 32. Kc1 Ra1+ 1/2-1/2

[Event "Svendborg (m/2)"]
[Site "?"]
[Date "1990.??.??"]
[Round "?"]
[White "Hansen, Cu"]
[Black "Kasparov, Garry"]
[Result "1/2-1/2"]
[WhiteElo "2570"]
[BlackElo "2800"]
[PlyCount "77"]
[EventDate "1990.??.??"]
[Source "ChessBase"]
[SourceDate "1990.01.01"]

1. c4 g6 2. Nc3 Bg7 3. d4 Nf6 4. e4 d6 5. Nf3 O-O 6. h3 e5 7. d5 Na6 8. Be3 Nh5 9. Nh2 Qe8 10. Be2 f5 11. exf5 Nf4 12. O-O Bxf5 13. Re1 Qf7 14. Nf1 Bxh3 15. gxh3 Nxh3+ 16. Kg2 Nxf2 17. Qb1 e4 18. Ng3 Qd7 19. Bxf2 Rxf2+ 20. Kxf2 Qh3 21. Qxe4 Nc5 22. Qe7 Be5 23. Rg1 Rf8+ 24. Ke1 Bxg3+ 25. Kd2 Rf7 26. Qe8+ Rf8 27. Qe7 Bf4+ 28. Kc2 Qf5+ 29. Kd1 Rf7 30. Qe8+ Rf8 31. Qe7 Rf7 32. Qe8+ Kg7 33. Rf1 Qf6 34. Rxf4 Qxf4 35. Kc2 Qg5 36. Rd1 Re7 37. Qc8 Qf6 38. Bd3 Qf2+ 39. Rd2 1/2-1/2

[Event "Corr"]
[Site "?"]
[Date "1999.11.03"]
[Round "?"]
[White "Tarnowiecki Harald"]
[Black "Oosterom Joop J. van (NED)"]
[Result "1-0"]
[WhiteElo "2676"]
[BlackElo "2684"]
[PlyCount "119"]
[EventDate "1999.??.??"]
[Source "www.chesslib.no"]
[SourceDate "2004.05.04"]

1. c4 Nf6 2. d4 g6 3. Nc3 Bg7 4. e4 d6 5. Nf3 O-O 6. h3 e5 7. d5 Na6 8. Bg5 Qe8 9. g4 Nd7 10. Be2 Ndc5 11. Rb1 Bd7 12. b4 Na4 13. Nb5 Nb6 14. a4 Nc8 15. Nc3 Rb8 16. Be3 c5 17. b5 Nb4 18. g5 f5 19. gxf6 Rxf6 20. h4 h6 21. Rg1 a6 22. h5 g5 23. Nxg5 hxg5 24. Bxg5 Kh8 25. Bxf6 Bxf6 26. Bg4 Bxg4 27. Qxg4 Qf8 28. Ke2 Ne7 29. h6 Qf7 30. h7 Rf8 31. Rbf1 Qg7 32. f4 Qxg4+ 33. Rxg4 Bg7 34. Rfg1 Rf7 35. f5 Bf8 36. Nd1 Nc2 37. Kd3 Nb4+ 38. Kc3 axb5 39. axb5 Nc8 40. Nf2 Nb6 41. Rg8+ Kxh7 42. R8g3 Rg7 43. Rxg7+ Bxg7 44. Ng4 Nd7 45. Ra1 Kg8 46. Ra7 Kf7 47. Rxb7 Ke8 48. Ra7 Kd8 49. f6 Bxf6 50. Rxd7+ Kxd7 51. Nxf6+ Ke7 52. Ng4 Kd7 53. Nf2 Na2+ 54. Kd2 Nb4 55. Nd3 Nxd3 56. Kxd3 Kc7 57. Ke2 Kd7 58. Kf3 Ke7 59. Kg4 Ke8 60. Kf5 1-0

[Event "Deutschland 71/604"]
[Site "?"]
[Date "1997.??.??"]
[Round "?"]
[White "Krasenkow, Michal"]
[Black "Shirov, Alexei"]
[Result "1-0"]
[WhiteElo "2645"]
[BlackElo "2700"]
[PlyCount "87"]
[EventDate "1997.??.??"]
[Source "ChessBase"]
[SourceDate "1997.10.01"]

1. Nf3 Nf6 2. c4 g6 3. Nc3 Bg7 4. e4 d6 5. d4 O-O 6. h3 e5 7. d5 a5 8. Bg5 Na6 9. Nd2 c6 10. Be2 h6 11. Be3 Nd7 12. g4 Ndc5 13. Nb3 Bd7 14. Nxc5 Nxc5 15. h4 a4 16. Qd2 cxd5 17. cxd5 Qa5 18. Bxh6 Bxh6 19. Qxh6 a3 20. b4 Qxb4 21. Rc1 Rac8 22. h5 Nd3+ 23. Bxd3 Rxc3 24. O-O Be8 25. Rfd1 Qc5 26. Rxc3 Qxc3 27. Kg2 Qc7 28. Rh1 f6 29. hxg6 Qg7 30. Qxg7+ Kxg7 31. Rh7+ Kxg6 32. Rxb7 Kg5 33. Rb8 Rg8 34. Kg3 Bf7 35. Rb7 Bg6 36. Ra7 Rb8 37. Rxa3 Rb2 38. f3 Rd2 39. Bf1 Rc2 40. Ra8 Rc3 41. Kf2 f5 42. gxf5 Bh5 43. Be2 Kf4 44. Rh8 1-0

[Event "Shenyang"]
[Site "?"]
[Date "2000.??.??"]
[Round "?"]
[White "Ivanchuk, V."]
[Black "Ponomariov, R."]
[Result "1-0"]
[WhiteElo "2715"]
[BlackElo "2630"]
[PlyCount "93"]
[EventDate "2000.??.??"]
[Source "Chess Informant"]
[SourceDate "2000.06.01"]

1. e4 g6 2. d4 Bg7 3. c4 d6 4. Nc3 Nf6 5. Nf3 O-O 6. h3 e5 7. d5 Nh5 8. Nh2 Na6 9. g3 Nc5 10. b4 Na6 11. Rb1 f5 12. exf5 Bxf5 13. Rb3 Qf6 14. Be3 Nf4 15. Nb5 Nxh3 16. Qd2 Rae8 17. Be2 h5 18. c5 Bd7 19. Nc3 Nf4 20. c6 Bc8 21. Bxa7 Nxe2 22. Qxe2 e4 23. O-O Qf5 24. Rd1 Kh7 25. Nb5 Qf7 26. Bd4 e3 27. fxe3 bxc6 28. dxc6 Bh6 29. e4 Be6 30. Nxd6 cxd6 31. Rf3 Qe7 32. Qxa6 Rxf3 33. Nxf3 Bg4 34. Qd3 d5 35. e5 Rf8 36. Bc5 Qf7 37. Bxf8 Qxf8 38. Rf1 Qxb4 39. Nh4 Qe4 40. Qxe4 dxe4 41. Rf7+ Kg8 42. Rf6 Be3+ 43. Kf1 Bb6 44. e6 e3 45. Rxg6+ Kf8 46. Rxg4 hxg4 47. Nf5 1-0

[Event "GM"]
[Site "Biel SUI"]
[Date "2007.07.28"]
[Round "5"]
[White "Pelletier, Y."]
[Black "Radjabov, T."]
[Result "1/2-1/2"]
[WhiteElo "2591"]
[BlackElo "2746"]
[PlyCount "43"]
[EventDate "2007.07.23"]
[Source "www.chesslib.no"]
[SourceDate "2004.05.04"]

1. d4 g6 2. c4 Bg7 3. Nf3 c5 4. d5 d6 5. e4 Nf6 6. Nc3 O-O 7. Bd3 Bg4 8. h3 Bxf3 9. Qxf3 Na6 10. O-O Nd7 11. Qd1 e6 12. Re1 Re8 13. Be3 Qb6 14. Rb1 Nc7 15. Qc2 a5 16. Bf1 Bd4 17. Bf4 Qa6 18. b3 Re7 19. Qd2 Qb6 20. Na4 Qa6 21. Nc3 Qb6 22. Na4 1/2-1/2

[Event "Calviá ol (Men)"]
[Site "Mallorca"]
[Date "2004.10.23"]
[Round "8.4"]
[White "Krasenkow, Michal"]
[Black "Fressinet, Laurent"]
[Result "1/2-1/2"]
[WhiteElo "2676"]
[BlackElo "2640"]
[PlyCount "99"]
[EventDate "2004.10.15"]
[Source "Roberto Alvarez"]
[SourceDate "2004.10.25"]

1. d4 Nf6 2. c4 g6 3. Nc3 Bg7 4. e4 d6 5. Nf3 O-O 6. h3 e5 7. d5 a5 8. Bg5 Qe8 9. g4 Nfd7 10. h4 Nc5 11. Rg1 Nba6 12. h5 c6 13. h6 Bh8 14. Nd2 Bd7 15. Nb3 Nxb3 16. Qxb3 a4 17. Qd1 a3 18. b3 c5 19. Qf3 Nb4 20. Kd1 f6 21. Bd2 Qd8 22. Nb5 Qe7 23. Qe3 Rfc8 24. Qe1 Qf8 25. f3 b6 26. Rh1 Ra5 27. Bxb4 cxb4 28. Qxb4 Bxb5 29. cxb5 f5 30. gxf5 Bf6 31. Qd2 Kh8 32. fxg6 hxg6 33. Rc1 Rxc1+ 34. Qxc1 Ra7 35. Bc4 Bg5 36. Qc3 Qf4 37. Rg1 Rh7 38. Rg4 Qf6 39. Bf1 Rxh6 40. Bg2 Rh4 41. Qc8+ Kg7 42. Rxh4 Bxh4 43. Qc7+ Kh6 44. Qxb6 Qf4 45. Qb8 Qg3 46. Qf8+ Kh5 47. Qh8+ Kg5 48. f4+ exf4 49. Qd8+ Kh6 50. Qh8+ 1/2-1/2

[Event "15. European Team Championship"]
[Site "?"]
[Date "2005.08.05"]
[Round "7.3"]
[White "Aronian Levon"]
[Black "Dorfman Josif D"]
[Result "1/2-1/2"]
[WhiteElo "2724"]
[BlackElo "2592"]
[PlyCount "124"]
[EventDate "2005.??.??"]
[Source "www.chesslib.no"]
[SourceDate "2004.05.04"]

1. d4 Nf6 2. c4 g6 3. Nc3 Bg7 4. e4 d6 5. Nf3 O-O 6. h3 c6 7. Be2 Na6 8. Be3 e5 9. O-O exd4 10. Nxd4 Re8 11. Bf3 Nc5 12. Qc2 Qe7 13. Rfe1 a5 14. Rad1 a4 15. Bg5 Be6 16. b3 axb3 17. axb3 Qc7 18. Bf4 Ncd7 19. g4 h5 20. g5 Nh7 21. Bg2 Qa5 22. h4 Ne5 23. f3 Nf8 24. Kh1 Nfd7 25. Bd2 Qc7 26. Be3 Nc5 27. Bg1 Qa5 28. f4 Ng4 29. f5 Bc8 30. f6 Bf8 31. Nce2 Nd7 32. Qc3 Qc7 33. Ra1 Rxa1 34. Rxa1 Nde5 35. Nf3 Nd7 36. Nh2 Nc5 37. Nxg4 Bxg4 38. Ng3 Ne6 39. Qa5 Qc8 40. Qd2 Nc5 41. Qc3 Bh3 42. Bf3 Bg4 43. Kg2 Bxf3+ 44. Qxf3 Nd7 45. Bd4 Ne5 46. Bxe5 dxe5 47. Nf5 Rd8 48. Ne7+ Bxe7 49. fxe7 Re8 50. Rd1 Rxe7 51. Rd6 Re8 52. Qd1 Qc7 53. b4 Qb6 54. Qb3 Kg7 55. Rd7 c5 56. Qf3 Qe6 57. Rxb7 cxb4 58. Rxb4 Rc8 59. Qh3 Qc6 60. Qd3 Qe6 61. Qh3 Qc6 62. Qd3 Qe6 1/2-1/2

[Event "It (Men) Cuernavaca MEX"]
[Site "?"]
[Date "2006.02.09"]
[Round "7"]
[White "Bruzon Bautista Lazaro"]
[Black "Volokitin Andrei"]
[Result "1-0"]
[WhiteElo "2650"]
[BlackElo "2665"]
[PlyCount "121"]
[EventDate "2006.??.??"]
[Source "www.chesslib.no"]
[SourceDate "2004.05.04"]

1. d4 Nf6 2. c4 g6 3. Nc3 Bg7 4. Nf3 O-O 5. Bg5 c5 6. d5 d6 7. e4 e6 8. Nd2 Na6 9. Be2 Nc7 10. a4 Qe8 11. O-O Nd7 12. Re1 h6 13. Bh4 Bxc3 14. bxc3 e5 15. Bd3 g5 16. Bg3 Qe7 17. Nf1 Ne8 18. Ne3 Ndf6 19. Nf5 Bxf5 20. exf5 Qd8 21. f3 Ng7 22. Bf2 Qd7 23. g4 Nh7 24. h4 gxh4 25. Bxh4 f6 26. Ra2 Kf7 27. Rh2 Rh8 28. Kf2 Rae8 29. Reh1 Qc8 30. Qb1 Ng5 31. Be4 Reg8 32. Bxg5 hxg5 33. Rxh8 Rxh8 34. Rxh8 Qxh8 35. Qxb7+ Kf8 36. Ke2 Qh2+ 37. Kd1 Qa2 38. Qxa7 Qxc4 39. a5 Qxc3 40. Qb6 Qa1+ 41. Kd2 Qd4+ 42. Kc2 Ne8 43. a6 Qa4+ 44. Kd2 Qd4+ 45. Ke2 Qc4+ 46. Bd3 Qa2+ 47. Kf1 c4 48. Bb1 Qa3 49. Kf2 c3 50. a7 Qa4 51. Ke1 Qa1 52. Ke2 Qa4 53. Kd3 Kg7 54. Bc2 Qf4 55. a8=Q Qd2+ 56. Kc4 Qxc2 57. Qxe8 Qe2+ 58. Kxc3 Qe1+ 59. Kc4 Qf1+ 60. Kb4 Qe1+ 61. Kb5 1-0

[Event "Beograd 74/585"]
[Site "?"]
[Date "1999.??.??"]
[Round "?"]
[White "Krasenkow, Michal"]
[Black "Smirin, Ilia"]
[Result "1-0"]
[WhiteElo "2643"]
[BlackElo "2652"]
[PlyCount "63"]
[EventDate "1999.??.??"]
[Source "ChessBase"]
[SourceDate "1998.10.01"]

1. d4 Nf6 2. Nf3 g6 3. c4 Bg7 4. Nc3 O-O 5. e4 d6 6. h3 Na6 7. Bg5 Qe8 8. g4 e5 9. d5 Nd7 10. Rg1 Ndc5 11. a3 Bd7 12. b4 Na4 13. Nb5 Nb6 14. Qd3 Kh8 15. Be2 f6 16. Bd2 f5 17. gxf5 gxf5 18. O-O-O Qe7 19. Ng5 fxe4 20. Nxe4 Bf5 21. Nbc3 Qh4 22. Bg4 Bg6 23. Be6 Rxf2 24. Rxg6 Rxd2 25. Nxd2 hxg6 26. Qxg6 Bh6 27. Rg1 Nxc4 28. Kc2 Nxa3+ 29. Kd1 Qf4 30. Nce4 Nc4 31. Bg8 Ne3+ 32. Kc1 1-0

[Event "LXI Lega superiore camp. russo"]
[Site "Novokuznetsk RUS"]
[Date "2008.09.13"]
[Round "10"]
[White "Riazantsev, A."]
[Black "Inarkiev, E."]
[Result "0-1"]
[WhiteElo "2617"]
[BlackElo "2675"]
[PlyCount "96"]
[EventDate "2008.09.03"]
[Source "www.chesslib.no"]
[SourceDate "2004.05.04"]

1. d4 Nf6 2. c4 g6 3. Nc3 Bg7 4. e4 d6 5. h3 O-O 6. Nf3 e5 7. d5 a5 8. g4 Na6 9. Be3 Nd7 10. a3 Nac5 11. Nd2 Bf6 12. Nf3 a4 13. g5 Bg7 14. Nd2 f5 15. h4 c6 16. f3 Nb6 17. Be2 Bd7 18. Qc2 Rc8 19. O-O-O cxd5 20. cxd5 fxe4 21. fxe4 Rf4 22. Kb1 Nxe4 23. Ndxe4 Rxe4 24. Qxe4 Bf5 25. Bg4 Bxe4+ 26. Nxe4 Nc4 27. Be6+ Kh8 28. Bxc8 Qxc8 29. Rc1 Bf8 30. Rhf1 b5 31. Rf7 Kg8 32. Rd7 Bg7 33. Rxg7+ Kxg7 34. Nxd6 Qg4 35. Nxc4 Qe4+ 36. Ka1 bxc4 37. Bd2 Qxd5 38. Bc3 Kf7 39. Rf1+ Ke6 40. Rf6+ Kd7 41. Ka2 e4 42. Ra6 e3 43. Rxa4 e2 44. Ra7+ Ke8 45. Ra5 Qe6 46. Be1 c3+ 47. Kb1 Qe4+ 48. Kc1 Qd4 0-1

[Event "60th ch-RUS Superfinal"]
[Site "Moscow RUS"]
[Date "2007.12.28"]
[Round "9"]
[White "Tomashevsky, E."]
[Black "Amonatov, F."]
[Result "1-0"]
[WhiteElo "2646"]
[BlackElo "2637"]
[PlyCount "91"]
[EventDate "2007.12.18"]
[Source "www.chesslib.no"]
[SourceDate "2004.05.04"]

1. c4 Nf6 2. Nc3 g6 3. e4 d6 4. d4 Bg7 5. Nf3 O-O 6. h3 e5 7. d5 c6 8. Bg5 h6 9. Be3 Na6 10. Nd2 Bd7 11. g4 Rc8 12. a3 cxd5 13. cxd5 Nc5 14. Be2 a5 15. h4 Bxg4 16. Bxg4 Nd3+ 17. Ke2 Nxb2 18. Qb3 Nxg4 19. Qxb2 f5 20. Rag1 Kh7 21. a4 Qd7 22. Nb5 h5 23. Qb1 Kh8 24. Qd3 Qd8 25. f3 Nxe3 26. Qxe3 Kh7 27. Qd3 Bh6 28. Nc4 Qf6 29. Nbxd6 Rc7 30. Rg2 Rd7 31. Nb5 Rdf7 32. d6 fxe4 33. fxe4 Qf4 34. Nc7 Qf6 35. Nd5 Qe6 36. Qh3 Qe8 37. Qb3 Qe6 38. Qh3 Qe8 39. Qb3 Qe6 40. Rhg1 b5 41. axb5 a4 42. Qg3 Rf4 43. Qxg6+ Qxg6 44. Rxg6 Rxe4+ 45. Nce3 a3 46. d7 1-0

[Event "Rubinstein mem 34th"]
[Site "Polanica Zdroj"]
[Date "1997.08.23"]
[Round "5"]
[White "Krasenkow, Michal"]
[Black "Ehlvest, Jaan"]
[Result "1-0"]
[WhiteElo "2645"]
[BlackElo "2610"]
[PlyCount "139"]
[EventDate "1997.08.19"]
[Source "ChessBase"]
[SourceDate "1997.11.23"]

1. d4 Nf6 2. c4 g6 3. Nc3 Bg7 4. e4 d6 5. Nf3 O-O 6. h3 a5 7. Bg5 Na6 8. Nd2 Qe8 9. Be2 e5 10. d5 Nc5 11. h4 Nh5 12. Bxh5 gxh5 13. Qxh5 Nd3+ 14. Ke2 Nf4+ 15. Bxf4 exf4 16. Rae1 Kh8 17. Kd3 Bd7 18. Nf3 b5 19. cxb5 Bxb5+ 20. Kc2 Rb8 21. e5 Bd7 22. Re4 Rb4 23. Rhe1 Qb8 24. Rxb4 Qxb4 25. Re4 Qc5 26. Rxf4 Qxf2+ 27. Kd3 Qf1+ 28. Ke3 Qc1+ 29. Nd2 Qxb2 30. Nde4 Qc1+ 31. Kf3 Qf1+ 32. Nf2 Qc1 33. Nfd1 Kg8 34. Rc4 dxe5 35. Qg5 Qxg5 36. hxg5 Rc8 37. Ne3 h6 38. gxh6 Bxh6 39. Ne4 Bg7 40. Nc5 Bb5 41. Rg4 Kh7 42. Nf5 Bf6 43. Ne4 Bd8 44. Rg7+ Kh8 45. Rxf7 Bc4 46. Rf8+ Kh7 47. Nc3 Bd3 48. g4 Rb8 49. Ne4 Rb4 50. Nc5 Bxf5 51. gxf5 Rf4+ 52. Kg3 Bh4+ 53. Kh3 Be1 54. Ne6 Rh4+ 55. Kg2 e4 56. Rf7+ Kh6 57. Rxc7 Bb4 58. Rc8 Kh7 59. Rc4 Kh6 60. Rc8 Kh7 61. Rd8 e3 62. Kf3 Rh5 63. Rd7+ Kh6 64. Rf7 Bd2 65. d6 Rh3+ 66. Ke2 Rh2+ 67. Kd3 Bc1 68. Rc7 Ba3 69. d7 Be7 70. Kxe3 1-0

[Event "IX Camp. europeo"]
[Site "Plovdiv BUL"]
[Date "2008.04.26"]
[Round "6"]
[White "Popov, Iv RUS"]
[Black "Ivanisevic, I."]
[Result "1-0"]
[WhiteElo "2594"]
[BlackElo "2649"]
[PlyCount "111"]
[EventDate "2008.04.21"]
[Source "www.chesslib.no"]
[SourceDate "2004.05.04"]

1. d4 Nf6 2. c4 e6 3. Nf3 c5 4. d5 d6 5. Nc3 g6 6. e4 Bg7 7. h3 O-O 8. Bd3 Na6 9. O-O e5 10. a3 Ne8 11. Nh2 f5 12. f4 exf4 13. Bxf4 g5 14. Bd2 f4 15. Qh5 Bd4+ 16. Kh1 Ng7 17. Qh6 Qf6 18. Qxf6 Bxf6 19. Nf3 Bd7 20. e5 Bxe5 21. Nxg5 Nh5 22. Rfe1 Bf5 23. Bxf5 Ng3+ 24. Kg1 Nxf5 25. Ne6 Rf6 26. Ne4 Rxe6 27. dxe6 Nd4 28. Rad1 Kg7 29. Bc3 b6 30. Bxd4 cxd4 31. Nf2 Kg6 32. b4 Kf5 33. Re4 Rg8 34. e7 Nc7 35. Rde1 Rg3 36. c5 bxc5 37. bxc5 Ne8 38. cxd6 Bxd6 39. Rxd4 Re3 40. g4+ Kg6 41. Rxe3 fxe3 42. Nd3 Bxa3 43. Ra4 Bxe7 44. Rxa7 Bf6 45. Kg2 h5 46. Kf3 hxg4+ 47. hxg4 Nd6 48. Ra4 Nf7 49. Kxe3 Kg5 50. Kf3 Kh4 51. Ra7 Ng5+ 52. Kf4 Bc3 53. Kf5 Nf3 54. g5 Kg3 55. g6 Nd4+ 56. Ke4 1-0

[Event "Beograd"]
[Site "?"]
[Date "1991.??.??"]
[Round "?"]
[White "Beliavsky, A."]
[Black "Damljanovic, B."]
[Result "1-0"]
[WhiteElo "2655"]
[BlackElo "2585"]
[PlyCount "107"]
[EventDate "1991.??.??"]
[Source "ChessBase"]
[SourceDate "1991.10.01"]

1. d4 Nf6 2. c4 g6 3. Nc3 c5 4. d5 Bg7 5. e4 d6 6. Nf3 O-O 7. h3 e6 8. Bd3 exd5 9. exd5 Re8+ 10. Be3 Nh5 11. O-O f5 12. Bg5 Bf6 13. Bxf6 Qxf6 14. Re1 Rxe1+ 15. Qxe1 Bd7 16. Qd2 Na6 17. a3 Re8 18. Rb1 Re7 19. g3 Be8 20. Kg2 Ng7 21. Ne2 b6 22. Qh6 Bd7 23. Nf4 Ne8 24. h4 Qg7 25. Qxg7+ Kxg7 26. h5 Nf6 27. hxg6 hxg6 28. b4 Ng4 29. b5 Nc7 30. a4 Re8 31. a5 Ne5 32. Ra1 Ra8 33. Nxe5 dxe5 34. d6 exf4 35. dxc7 Rc8 36. axb6 axb6 37. Ra6 Rxc7 38. Rxb6 fxg3 39. Kxg3 g5 40. Rd6 Kf7 41. Be2 f4+ 42. Kf3 Be6 43. Ke4 Re7 44. Bh5+ Kg7 45. Rxe6 Rxe6+ 46. Kd5 Rh6 47. Bg4 Kf7 48. Kxc5 Ke7 49. b6 Kd8 50. f3 Rh1 51. Kc6 Rc1 52. c5 Rc3 53. b7 Rb3 54. Be6 1-0

[Event "Corr"]
[Site "?"]
[Date "1998.03.01"]
[Round "?"]
[White "Trapl Jindrich"]
[Black "Oosterom Joop van (NLD)"]
[Result "0-1"]
[WhiteElo "2556"]
[BlackElo "2684"]
[PlyCount "62"]
[EventDate "1998.??.??"]
[Source "www.chesslib.no"]
[SourceDate "2004.05.04"]

1. d4 Nf6 2. Nf3 g6 3. c4 Bg7 4. Nc3 O-O 5. e4 d6 6. h3 e5 7. d5 Na6 8. Bg5 Qe8 9. g4 Nd7 10. Rg1 Kh8 11. Nd2 f5 12. gxf5 gxf5 13. a3 Nf6 14. Qc2 Nc5 15. Be3 Nfxe4 16. Ndxe4 fxe4 17. O-O-O Nd3+ 18. Bxd3 exd3 19. Qxd3 Bf5 20. Qd2 Qh5 21. f4 exf4 22. Bxf4 Bg6 23. Rg4 Qxh3 24. Rdg1 Rae8 25. R4g3 Qf5 26. Be3 Rxe3 27. Rxe3 Bh6 28. Rge1 Bxe3 29. Rxe3 Qf1+ 30. Re1 Qxc4 31. b3 Qxb3 0-1

[Event "De Corse op"]
[Site "Bastia"]
[Date "2000.11.03"]
[Round "4"]
[White "Anand, Viswanathan"]
[Black "Djuric, Stefan"]
[Result "1-0"]
[WhiteElo "2762"]
[BlackElo "2472"]
[PlyCount "70"]
[EventDate "2000.11.02"]
[Source "www.chesslib.no"]
[SourceDate "2004.05.04"]

1. d4 Nf6 2. c4 g6 3. Nc3 Bg7 4. e4 d6 5. Nf3 O-O 6. h3 Nbd7 7. Be3 e5 8. d5 Nc5 9. Nd2 Nh5 10. b4 Nd7 11. Nb3 b6 12. g3 a5 13. bxa5 bxa5 14. a4 Nb8 15. c5 Na6 16. Be2 Nf6 17. c6 Nb4 18. g4 Nxe4 19. Nxe4 f5 20. gxf5 Bxf5 21. Nbd2 Kh8 22. Bc4 Rb8 23. h4 Bf6 24. h5 g5 25. Rc1 g4 26. Ng3 Nd3+ 27. Bxd3 Bxd3 28. Nde4 Ba6 29. Qxg4 Rb2 30. Bd2 Be7 31. Qd7 Qb8 32. Qxe7 Rb1 33. h6 Rxc1+ 34. Bxc1 Qb4+ 35. Nd2 Re8 1-0

[Event "Zlatibor"]
[Site "?"]
[Date "2006.08.27"]
[Round "2"]
[White "Ivanisevic Ivan"]
[Black "Efimenko Zahar"]
[Result "1/2-1/2"]
[WhiteElo "2596"]
[BlackElo "2632"]
[PlyCount "67"]
[EventDate "2006.??.??"]
[Source "www.chesslib.no"]
[SourceDate "2004.05.04"]

1. d4 Nf6 2. c4 g6 3. Nc3 Bg7 4. e4 d6 5. h3 O-O 6. Nf3 Na6 7. g3 c5 8. Bg2 cxd4 9. Nxd4 Bd7 10. b3 Qc8 11. Bb2 Nc5 12. Qe2 Rb8 13. b4 Ne6 14. Nb3 Nd8 15. Rc1 Re8 16. Nd5 b6 17. e5 dxe5 18. Bxe5 Rb7 19. O-O Nc6 20. Bc3 e5 21. b5 Nd8 22. Nxf6+ Bxf6 23. Kh2 Rb8 24. Nd2 Bg7 25. Ne4 Nb7 26. Bb4 Qc7 27. Rfd1 Red8 28. Nd6 Nc5 29. Bxc5 bxc5 30. Bd5 Be6 31. Ne4 Bf5 32. h4 Bxe4 33. Qxe4 h5 34. Kh1 1/2-1/2

[Event "SUI-chT Luzern-Basel"]
[Site "Svizzera"]
[Date "2007.09.02"]
[Round "7.1"]
[White "Dautov, Rustem"]
[Black "Ivanisevic, Ivan"]
[Result "0-1"]
[WhiteElo "2623"]
[BlackElo "2603"]
[PlyCount "64"]
[EventDate "2007.02.25"]
[Source "www.chesslib.no"]
[SourceDate "2004.05.04"]

1. d4 Nf6 2. c4 e6 3. Nf3 c5 4. d5 d6 5. Nc3 g6 6. e4 Bg7 7. h3 O-O 8. Bd3 Na6 9. O-O Nc7 10. Re1 a6 11. a4 b6 12. Rb1 Nd7 13. Bg5 f6 14. Be3 e5 15. b4 f5 16. bxc5 f4 17. cxb6 fxe3 18. Rxe3 Bh6 19. Re1 Nxb6 20. Rxb6 Nb5 21. Rxb5 axb5 22. Nxb5 Qb6 23. Qc2 Qc5 24. Nh2 Bd7 25. Nf1 Rxa4 26. Nxd6 Ra3 27. Nb7 Qd4 28. c5 Rxd3 29. c6 Bc8 30. Rb1 Rd2 31. Nxd2 Qxf2+ 32. Kh1 Bxh3 0-1

[Event "BL2-Sued 9900"]
[Site "Germany"]
[Date "2000.01.30"]
[Round "5.1"]
[White "Krasenkow, Michal"]
[Black "Gabriel, Christian"]
[Result "1/2-1/2"]
[WhiteElo "2647"]
[BlackElo "2578"]
[PlyCount "47"]
[EventDate "1999.10.??"]
[Source "ChessBase"]
[SourceDate "2000.03.10"]

1. Nf3 Nf6 2. c4 g6 3. Nc3 Bg7 4. e4 d6 5. d4 O-O 6. h3 Na6 7. Bg5 Qe8 8. g4 Bd7 9. e5 dxe5 10. dxe5 Rd8 11. Qe2 Be6 12. exf6 exf6 13. Be3 Nb4 14. Nd4 Bxc4 15. Qxc4 Rxd4 16. Qb3 Bh6 17. Nb5 Bxe3 18. Nxd4 Bxd4+ 19. Be2 Qe4 20. O-O Qxe2 21. Qxb4 Qxb2 22. Qxb2 Bxb2 23. Rab1 Bd4 24. Rxb7 1/2-1/2

[Event "EUCup final 14th"]
[Site "Belgrade"]
[Date "1999.01.11"]
[Round "1"]
[White "Gelfand, Boris"]
[Black "Gdanski, Jacek"]
[Result "0-1"]
[WhiteElo "2691"]
[BlackElo "2530"]
[PlyCount "110"]
[EventDate "1999.01.11"]
[Source "ChessBase"]
[SourceDate "1999.04.01"]

1. d4 Nf6 2. c4 c5 3. d5 d6 4. Nc3 g6 5. e4 Bg7 6. Bd3 O-O 7. h3 e6 8. Nf3 exd5 9. exd5 Qe7+ 10. Qe2 Qxe2+ 11. Kxe2 Re8+ 12. Kd1 Na6 13. a3 Nc7 14. Bf4 Rd8 15. Kc2 b5 16. cxb5 Ncxd5 17. Bg5 Re8 18. Nxd5 Nxd5 19. Rhe1 Be6 20. Be4 Rab8 21. Rad1 Nc7 22. Bc6 Bf5+ 23. Kc1 Rxe1 24. Rxe1 h6 25. Bf4 Nxb5 26. Re8+ Rxe8 27. Bxe8 g5 28. Bg3 Nc7 29. Bc6 Bf8 30. Nd2 Ne6 31. Bh2 Nf4 32. Bxf4 gxf4 33. Ne4 Kg7 34. Kd2 Be6 35. Ke2 Kg6 36. Kf3 Kf5 37. Nc3 Bg7 38. Be4+ Kg5 39. h4+ Kxh4 40. Kxf4 Be5+ 41. Ke3 Bd4+ 42. Ke2 Bc4+ 43. Kf3 Kg5 44. Bc2 f5 45. g3 Ba6 46. a4 Bb7+ 47. Ke2 Bxc3 48. bxc3 f4 49. Bb3 a5 50. Bc4 Be4 51. Bb5 Kg4 52. Bd7+ Bf5 53. f3+ Kg5 54. Bxf5 Kxf5 55. g4+ Ke5 0-1

[Event "Deutschland"]
[Site "?"]
[Date "2000.??.??"]
[Round "?"]
[White "Krasenkow, M."]
[Black "Schmaltz, R."]
[Result "1-0"]
[WhiteElo "2700"]
[BlackElo "2520"]
[PlyCount "59"]
[EventDate "2000.??.??"]
[Source "Chess Informant"]
[SourceDate "2000.10.01"]

1. Nf3 g6 2. d4 Bg7 3. c4 Nf6 4. Nc3 O-O 5. e4 d6 6. h3 Na6 7. Bg5 Qe8 8. g4 e5 9. d5 Kh8 10. a3 Ng8 11. b4 f5 12. gxf5 gxf5 13. Nh4 Bh6 14. Bxh6 Nxh6 15. Bd3 Qf7 16. Rg1 fxe4 17. Nxe4 Bxh3 18. Rh1 Bg4 19. f3 Bh5 20. Qd2 Qf4 21. Ng2 Qxd2+ 22. Kxd2 Bxf3 23. Rxh6 Bxg2 24. Ng5 e4 25. Rg1 Rf2+ 26. Be2 Re8 27. Rxh7+ Kg8 28. Rh2 e3+ 29. Kd3 Bxd5 30. Ne4+ 1-0